| 000 | 02027nam a2200373 i 4500 | ||
|---|---|---|---|
| 001 | 000033009 | ||
| 003 | DO-SdBNP | ||
| 005 | 20251113091026.0 | ||
| 007 | ta | ||
| 008 | 110223s1977 dr ad 000 0 spa d | ||
| 040 |
_aDO-SdBNP _bspa _cBNPHU _erda |
||
| 041 | _aspa | ||
| 082 | 4 |
_a330.97293 _bG633r _222 |
|
| 100 | 1 |
_aGómez, Luis, _eautor _4aut. _99238 |
|
| 245 | 1 | 0 |
_aRelaciones de producción dominantes en la sociedad dominicana 1875-1975 / _cLuis Gómez. |
| 264 | 4 |
_aSanto Domingo : _bEditora de la UASD, _c©1977. |
|
| 300 |
_a303 páginas : _bilustraciones, gráficas ; _c26 cm. |
||
| 336 |
_atexto _btxt _2rdacontent |
||
| 337 |
_asin mediación _bn _2rdamedia |
||
| 338 |
_avolumen _bnc _2rdacarrier |
||
| 490 | 1 |
_aPúblicaciones de la Universidad Autónoma de Santo Domingo ; _v226 |
|
| 490 | 1 |
_aHistoria y Sociedad ; _v28 |
|
| 500 | _aInforme final de la investigación sobre el tema, realizada por el autor para la Dirección de Investigaciones Científicas de la Universidad Autónoma de Santo Domingo (UASD). | ||
| 500 | _aIncluye referencias bibliográficas y notas al pie de las páginas. | ||
| 504 | _aBibliografía : páginas 285-291. | ||
| 505 |
_aPrimera Parte. Referencias Generales. _tCapítulo I: Los Presupuestos.-- _tCapítulo II: La Sobredeterminación.-- _gSegunda Parte. Los Antecedentes. _tCapítulo III: Mercantilismo Precapitalista.-- _gTercera Parte. Los Origenes. _tCapítulo IV: Capitalismo - Dependiente Premonopólico.-- _tCapítulo V: Capitalismo de Enclave Monopólico. |
||
| 505 |
_aCuarta Parte. El Capitalismo Dependiente. _tCapítulo VI: El Modelo Neocolonial Corporativo.-- _tCapítulo VII. El Modelo Desarrollista Dependiente.-- _tCapítulo VIII. Recapitulación final. |
||
| 590 | _aExtraviado, 2024 / MF | ||
| 650 | 4 |
_aProducción industrial _zRepública Dominicana _923653 |
|
| 650 | 4 |
_aRelaciones industriales _zRepública Dominicana _923654 |
|
| 651 | 4 |
_aRepública Dominicana _xCondiciones económicas _9281 |
|
| 910 | _aValidado. Control de calidad EMS | ||
| 942 |
_2ddc _cLBS1 |
||
| 999 |
_c32500 _d32500 |
||